| 000 | 00375nam a22001577a 4500 | ||
|---|---|---|---|
| 999 |
_c8131 _d8131 |
||
| 003 | OSt | ||
| 005 | 20200804171527.0 | ||
| 008 | 200804b ||||| |||| 00| 0 eng d | ||
| 020 | _a9781138503717 | ||
| 082 |
_a696 _bBUR |
||
| 100 | _a Burberry Peter | ||
| 245 | _aMitchells Environment And Services | ||
| 250 | _a8Th Edition | ||
| 260 |
_aUSA _bRoutledge _c2019 |
||
| 942 | _2ddc | ||